00946nam a2200277 a 450000100060000000300080000600500170001400800410003102000150007203500190008704000350010604100080014108200220014910000330017124500790020425000120028326000370029530000360033250400510036865000230041965000350044270000300047794200120050799900170051995201320053661033BD-RjUL20211209080920.0170114s1983 ilua b 001 0 eng d a025602801X a(BD-RjUL)61157 aBD-RjULcBD-RjULdBD-RjULbeng aeng00a657223bSHA 19831 aShillinglaw, Gordon.918212010aAccounting :ba management approach /cGordon Shillinglaw, Philip E. Meyer a7th ed. aHomewood, Ill. :bIrwin,cc1983. axxiii, 918 p. :bill. ;c25 cm. aIncludes bibliographical references and index. 0aAccounting9175106 0aManagerial accounting.91750291 a Meyer, Philip E.9182121 2ddccBK c61033d61033 00102ddc40718NFICaRUCLbRUCLcRared1984-09-11eAsia foundationl0o657 SHA 1983r2017-01-14 00:00:00tC-1w2021-12-09yBK